000 00259nmm a2200097Ia 4500
008 220120s9999||||xx |||||||||||||||||und||
082 _a658.40388 LAU
100 _aLoudon, Kenneth, C Laudon, Jane, P
245 0 _aManagement information Systems
260 _c2007
999 _c139305
_d139305